All Pokémon with Pressure - Statistics

General Stats
  • This quiz has been taken 9 times
  • The average score is 28 of 35
Answer Stats
(Avail)ability Pokémon % Correct
First Ability Articuno
100%
First Ability Dialga
100%
First Ability Dialga (Origin Forme)
100%
First Ability Entei
100%
First Ability Giratina (Altered Forme)
100%
First Ability Ho-Oh
100%
First Ability Lugia
100%
First Ability Mewtwo
100%
First Ability Moltres
100%
First Ability Palkia
100%
First Ability Palkia (Origin Forme)
100%
First Ability Raikou
100%
First Ability Suicune
100%
First Ability Zapdos
100%
First Ability Absol
86%
Only Ability Deoxys (Attack Forme)
86%
Only Ability Deoxys (Defense Forme)
86%
Only Ability Deoxys (Normal Forme)
86%
Only Ability Deoxys (Speed Forme)
86%
First Ability Dusclops
86%
First Ability Dusknoir
86%
First Ability Spiritomb
86%
Second Ability Aerodactyl
71%
Only Ability Kyurem
71%
First Ability Weavile
71%
Hidden Ability Bisharp
57%
Only Ability Eternamax Eternatus
57%
Only Ability Eternatus
57%
Hidden Ability Kingambit
57%
Hidden Ability Pawniard
57%
Hidden Ability Wailmer
57%
Hidden Ability Wailord
57%
First Ability Corviknight
43%
First Ability Sneasler
43%
First Ability Vespiquen
43%
No matching quizzes found
Score Distribution
Percent of People with Each Score
Percentile by Number Answered
Your Score History
You have not taken this quiz